000 00736nam a22002297a 4500
999 _c13328
_d13328
003 AR-CdUCM
008 190412b ||||| |||| 00| 0 spa d
020 _a978-9972-847-50-9
040 _aMUNICIPALIDAD PROVINCIAL DEL CUSCO
_cBIBLIOTECA MUNICIPAL DEL CUSCO
082 _aEP / 372.808 /
_bM39
100 _aMejía, José Luis
_926887
245 _aLa Granja de Don Hilario /
260 _aLima :
_bSantillana ;
_c2004.
300 _a46 páginas ;
_bIlustraciones
_c22cm
440 _aCuenta Cosas - Alfaguara
_931695
505 _aContenido: Cuentos
650 _aCuentos
_9312
650 _aEducación primaria
_91561
700 _aCastro, Ximena (Ilustraciones)
_931696
942 _2ddc
_cLIBROS
945 _anom
_d2019-04-12